000 00380nam a2200145 i 4500
001 bg
100 1 _aKarczewski, Andrzej.
245 1 0 _aWspółczesne koncepcje rozwoju gospodarczego.
_nCz. 1,
_pKapitalizm /
_cAndrzej Karczewski.
250 _aWyd. 2.
260 _aWarszawa,
_c1979.
040 _cBPK
041 _apol
942 _cKS
008 s pl f |000 0 pol
999 _c9992
_d9992
856 _uhttp://koha.tu.koszalin.pl/cgi-bin/koha/opac-detail.pl?biblionumber=9992
_yKatalog online BPK